[Event "NCA-chT 1st Stage"]
[Site "Managua"]
[Date "2021.10.03"]
[Round "6.3"]
[White "Gutierrez Hernandez, Marlon Antonio"]
[Black "Quintero Rodriguez, Manuel Jose"]
[Result "0-1"]
[WhiteElo "1589"]
[BlackElo "1578"]
[PlyCount "86"]
[EventDate "2021.09.25"]
[EventType "team-swiss"]
[EventRounds "9"]
[EventCountry "NCA"]
[SourceTitle "EXT 2023"]
[Source "ChessBase"]
[SourceDate "2022.10.05"]
[SourceVersion "1"]
[SourceVersionDate "2022.10.05"]
[SourceQuality "1"]
[WhiteTeam "Petrosian CC"]
[BlackTeam "Nicaragua CC"]
[WhiteTeamCountry "NCA"]
[BlackTeamCountry "NCA"]

1. c4 Nf6 2. Nc3 e5 3. g3 d5 4. cxd5 Nxd5 5. Bg2 Nb6 6. Nf3 Nc6 7. 0-0 Be7 8. d3 0-0 9. Qc2 Be6 10. Rd1 Kh8 11. Be3 Nd4 12. Bxd4 exd4 13. Nb5 c5 14. Qd2 a6 15. Na3 Nd5 16. Rac1 Rc8 17. b3 b5 18. h4 Nc3 19. Re1 c4 20. Nb1 cxb3 21. axb3 b4 22. Ne5 Bxb3 23. Qf4 Bd6 24. Qxd4 Nxe2+ 25. Rxe2 Rxc1+ 26. Kh2 Rxb1 27. Nc6 Qf6 28. Qe4 Bd5 29. Qxd5 Qxh4+ 30. Bh3 Qh6 31. Re3 b3 32. Nd4 b2 33. Qa2 Qxh3+ 34. Kxh3 Rh1+ 35. Kg4 b1Q 36. Qxa6 h5+ 37. Kf3 Qd1+ 38. Ne2 Bc5 39. Re5 Rd8 40. Rxc5 Rxd3+ 41. Kf4 Qd2+ 42. Kf5 g6+ 43. Kf6 Rd6+ 0-1

[Event "NCA-chT 1st Stage"]
[Site "Managua"]
[Date "2021.09.26"]
[Round "2.2"]
[White "Mayorga Bohorquez, David Antonio"]
[Black "Quintero Rodriguez, Manuel Jose"]
[Result "0-1"]
[WhiteElo "1569"]
[BlackElo "1578"]
[PlyCount "46"]
[EventDate "2021.09.25"]
[EventType "team-swiss"]
[EventRounds "9"]
[EventCountry "NCA"]
[SourceTitle "EXT 2023"]
[Source "ChessBase"]
[SourceDate "2022.10.05"]
[SourceVersion "1"]
[SourceVersionDate "2022.10.05"]
[SourceQuality "1"]
[WhiteTeam "Centro America"]
[BlackTeam "Nicaragua CC"]
[WhiteTeamCountry "NCA"]
[BlackTeamCountry "NCA"]

1. e4 c5 2. Bc4 e6 3. Nc3 Nc6 4. a3 Nf6 5. d3 d5 6. Bb5 d4 7. Bxc6+ bxc6 8. Nce2 e5 9. h3 c4 10. Bd2 Ba6 11. Nc1 Nd7 12. Qf3 Rb8 13. b4 c3 14. Bxc3 dxc3 15. Nge2 Nb6 16. Nxc3 Qd4 17. N1a2 Na4 18. Qe3 Nxc3 19. Qxd4 exd4 20. Nxc3 dxc3 21. 0-0 c5 22. Rfb1 Kd7 23. Rb3 Be7 0-1